000 00731nam a2200205Ia 4500
003 GCL
008 140319s9999 xx 000 0 ara d
040 _aGCL /
_cGCL
082 0 4 _aم
_b412.03
_bن م
100 1 _aنخبة من اللغويين العرب
245 1 0 _aمعجم مصطلحات علم اللغة الحديث ADICTIONARY OF MODERN HINGUISTIC TERMS - ANGLISH - ARABIC 8 ARABIC - ANGLISH /
_cنخبة من اللغويين العرب
700 1 _aمحمد حسين باكلا
260 _a[S.N] :
_bمكتبة لبنان ،
_c1983
300 _a115 103
650 0 4 _aالاشتقاق
650 0 4 _aاللغة العربية
650 0 4 _aالمعاجم
650 0 4 _aمصطلحات
942 _2ddc
_cREF
999 _c59545
_d59545